Temples and tourist places of maharashtra / (Record no. 144664)

MARC details
000 -LEADER
fixed length control field 00500nam a22001697a 4500
010 ## - LCCN (DPL NO)
LC control number ENG-120679
020 ## - INTERNATIONAL STANDARD BOOK NUMBER
Terms of availability 650.00
International Standard Book Number 9789382634140
035 ## - SYSTEM CONTROL NUMBER
System control number EN-104211
037 ## - SOURCE OF ACQUISITION
Source of stock number/acquisition DBAD/PUB
082 ## - DEWEY DECIMAL CLASSIFICATION NUMBER
Classification number 915.441
100 ## - MAIN ENTRY--PERSONAL NAME
Personal name Saraf, Ritu
245 ## - TITLE STATEMENT
Title Temples and tourist places of maharashtra /
Statement of responsibility, etc by RItu Saraf
260 ## - PUBLICATION, DISTRIBUTION, ETC. (IMPRINT)
Place of publication, distribution, etc Allahabad
Name of publisher, distributor, etc Meenakshi Prakashan
Date of publication, distribution, etc 2016
270 ## - ADDRESS
Address 5, Khusrobagh Road,
City Allahabad
Postal code 211001
300 ## - PHYSICAL DESCRIPTION
Extent 208p.
Other physical details 22cm(Hb).
942 ## - ADDED ENTRY ELEMENTS (KOHA)
Source of classification or shelving scheme Dewey Decimal Classification
Item type English Books
Classification part 915.441
Call number suffix SAR
Holdings
Withdrawn status Lost status Not for loan Collection code Home library Current library Date acquired Source of acquisition Cost, normal purchase price Full call number Barcode Copy number Cost, replacement price Koha item type
    Not For Loan Non-fiction D.B.Act.Division D.B.Act.Division 15/09/2017 DBAD/PUB 650.00 915.441 SAR EN-104211 1 650.00 English Books

© Delhi Public Library
Hit Counter
free hit counter